L'analyse transactionnelle
Αποθηκεύτηκε σε:
| Κύριος συγγραφέας: | |
|---|---|
| Άλλοι συγγραφείς: | |
| Μορφή: | Βιβλίο |
| Γλώσσα: | English |
| Δημοσίευση: |
Paris :
Universitaires de France,
1982.
|
| Έκδοση: | 5e ed. |
| Σειρά: | Que sais-je?
1936 |
| Θέματα: | |
| Ετικέτες: |
Προσθήκη ετικέτας
Δεν υπάρχουν, Καταχωρήστε ετικέτα πρώτοι!
|
MARC
| LEADER | 00000cam a2200000 i 4500 | ||
|---|---|---|---|
| 001 | 1/531 | ||
| 008 | 950704s1982 fr | ||| |||| ||eng|| | ||
| 020 | |a 2130434649 | ||
| 035 | |l 10014115 | ||
| 040 | |a GR-MyUa |b gre |e AACR2 | ||
| 041 | 0 | |a eng | |
| 082 | 7 | |a 150.195 |2 (22) | |
| 100 | 1 | |a Chandezon, Gerard, |d 1943- | |
| 245 | 1 | 0 | |a L'analyse transactionnelle / |c Gerard Chandezon, Antoine Lancestre. |
| 250 | |a 5e ed. | ||
| 260 | |a Paris : |b Universitaires de France, |c 1982. | ||
| 300 | |a 127 σ. ; |c 18 εκ. | ||
| 490 | 1 | |a (Que sais-je? ; |v 1936) | |
| 504 | |a Περιέχει βιβλιογραφικές παραπομπές. | ||
| 650 | 0 | 0 | |a Psychoanalysis. |
| 650 | 0 | 0 | |a Psychiatry. |
| 700 | 1 | |a Lancestre, Antoine. | |
| 830 | 0 | |a Que sais-je? |v 1936 | |
| 852 | |a INST |b LESVOS |e 19950704 |h 150.195 CHA |p 005100008134 |q 005100008134 |t BK |y 0 | ||
| 922 | |a 1ΕΛΗ |b 199211 |c ΠΠ/2115 | ||